000 00329nam a2200133Ia 4500
008 230704s9999 xx 000 0 und d
020 _a9789374734629
100 _aANUJEET
245 0 _aAPPLIED ENGLISH GRAMMAR AND COMPOSITION
260 _bAITBS PUBLISHERS, INDIA
_c2021
300 _a346
650 _aEnglish
942 _cBK
999 _c215471
_d215471